Päivitetty: Tangokuninkaat - Statistics

Yleistilastot
  • Tätä visaa on pelattu 76 kertaa
    41 viimeisimmän päivityksen jälkeen
  • Keskiarvotulos 9 / 37
Vastaustilastot
Vuosi Kuningas % Oikein
1995 Jari Sillanpää
90%
1994 Sauli Lehtonen
76%
2009 Amadeus Lundberg
52%
1986 Teuvo Oinas
52%
1985 Kauko Simonen
43%
2010 Marko Maunuksela
43%
1989 Risto Nevala
43%
1996 Tomi Markkola
43%
2013 Kyösti Mäkimattila
38%
2000 Antti Raiski
33%
2016 Marco Lundberg
33%
1999 Petri Hervanto
33%
1987 Harri Lahti
29%
1991 Jaska Mäkynen
29%
2003 Kari Hirvonen
29%
1992 Mika Pohjonen
29%
2015 Aki Samuli
24%
2008 Jukka Hallikainen
24%
1988 Kari Piironen
24%
1993 Sebastian Ahlgren
24%
2014 Teemu Roivainen
19%
2018 Jarno Kokko
14%
1998 Jouni Keronen
14%
2006 Marko Lämsä
14%
2002 Mikko Kilkkinen
14%
2005 Saska Helmikallio
14%
2004 Tommi Soidinmäki
14%
2007 Henri Stenroth
10%
2022 Keijo Hietikko
10%
1997 Matti Korkiala
10%
2024 Harri Hautaniemi
5%
1990 Jouni Raitio
5%
2023 Pasi Flodström
5%
2012 Pekka Mikkola
5%
2017 Teijo Lindström
5%
2001 Erkki Räsänen
0%
2019 Johannes Vatjus
0%
Ehtoja vastaavia visoja ei löytynyt
Tulosjakauma
Jokaisen tuloksen saaneiden osuus
Persentiili vastausten määrän mukaan
Tuloshistoriasi
Et ole pelannut tätä visaa sen viimeisimmän päivityksen jälkeen